000
00213nam a22000857a 4500
008
160810b xxu||||| |||| 00| 0 eng d
100
_9
99
_a
Sharma S
245
_a
Easy way to German
260
_a
New Delhi
_b
R.P publication
999
_c
2752
_d
2752